<?xml version="1.0" encoding="UTF-8"?>
<record
    xmlns:xsi="http://www.w3.org/2001/XMLSchema-instance"
    xsi:schemaLocation="http://www.loc.gov/MARC21/slim http://www.loc.gov/standards/marcxml/schema/MARC21slim.xsd"
    xmlns="http://www.loc.gov/MARC21/slim">

  <leader>01446nam a22003017a 4500</leader>
  <controlfield tag="001">1651</controlfield>
  <controlfield tag="003">FISKH</controlfield>
  <controlfield tag="005">20230913101822.0</controlfield>
  <controlfield tag="008">230913b        cb ||||| |||| 00| 0 khr d</controlfield>
  <datafield tag="015" ind1=" " ind2=" ">
    <subfield code="2">9789924341543</subfield>
  </datafield>
  <datafield tag="040" ind1=" " ind2=" ">
    <subfield code="a">FISKH </subfield>
    <subfield code="b">eng</subfield>
    <subfield code="c">FISKH </subfield>
    <subfield code="d">FISKH </subfield>
  </datafield>
  <datafield tag="082" ind1=" " ind2=" ">
    <subfield code="a">551.55</subfield>
  </datafield>
  <datafield tag="100" ind1=" " ind2=" ">
    <subfield code="a">Seyvos, Florence </subfield>
  </datafield>
  <datafield tag="245" ind1=" " ind2=" ">
    <subfield code="a">&#x1781;&#x17D2;&#x1799;&#x179B;&#x17CB;&#x1796;&#x17D2;&#x1799;&#x17BB;&#x17C7; / </subfield>
    <subfield code="c">&#x1793;&#x17B7;&#x1796;&#x1793;&#x17D2;&#x1792;&#x178A;&#x17C4;&#x1799; &#x1795;&#x17D2;&#x179B;&#x17BC;&#x179A;&#x17C9;&#x1784;&#x17CB;&#x179F;&#x17CD; &#x179F;&#x17C1;&#x1799;&#x179C;&#x17C9;&#x17BC;&#x179F; - &#x1782;&#x17BC;&#x179A;&#x179A;&#x17BC;&#x1794;&#x178A;&#x17C4;&#x1799; &#x1780;&#x17D2;&#x179B;&#x17BC;&#x178A; &#x1794;&#x17C9;&#x17BB;&#x1784;&#x1791;&#x17B8; - &#x1794;&#x1780;&#x1794;&#x17D2;&#x179A;&#x17C2;&#x1796;&#x17B8;&#x1797;&#x17B6;&#x179F;&#x17B6;&#x1794;&#x17B6;&#x179A;&#x17B6;&#x17C6;&#x1784;&#x178A;&#x17C4;&#x1799; &#x17A2;&#x17CA;&#x17BB;&#x17C6; &#x179C;&#x17D0;&#x178E;&#x1790;&#x17B6;&#x179A;&#x17B8; </subfield>
  </datafield>
  <datafield tag="260" ind1=" " ind2=" ">
    <subfield code="a">Paris : </subfield>
    <subfield code="b">Sipar, </subfield>
    <subfield code="c">1993. </subfield>
  </datafield>
  <datafield tag="300" ind1=" " ind2=" ">
    <subfield code="a">30 pages : </subfield>
    <subfield code="b">color illustrations ; </subfield>
    <subfield code="c">20 cm</subfield>
  </datafield>
  <datafield tag="490" ind1=" " ind2=" ">
    <subfield code="a">&#x179A;&#x17BF;&#x1784;&#x178A;&#x17C6;&#x1794;&#x17BC;&#x1784;&#x17D7;</subfield>
  </datafield>
  <datafield tag="505" ind1=" " ind2=" ">
    <subfield code="a">K
</subfield>
  </datafield>
  <datafield tag="520" ind1=" " ind2=" ">
    <subfield code="a">&#x1799;&#x1794;&#x17CB;&#x1793;&#x17C1;&#x17C7;&#x1781;&#x17D2;&#x1799;&#x179B;&#x17CB;&#x1796;&#x17D2;&#x1799;&#x17BB;&#x17C7;&#x1793;&#x17B9;&#x1784;&#x1794;&#x1780;&#x1798;&#x1780;&#x17D4; &#x1794;&#x17C9;&#x17BB;&#x1793;&#x17D2;&#x178F;&#x17C2; &#x1780;&#x17D2;&#x179B;&#x17B6;&#x179A;&#x17B8;&#x179F;&#x1798;&#x17B7;&#x1793;&#x1797;&#x17D0;&#x1799;&#x17A2;&#x17D2;&#x179C;&#x17B8;&#x1791;&#x17B6;&#x17C6;&#x1784;&#x17A2;&#x179F;&#x17CB;&#x17D4; &#x1793;&#x17B6;&#x1784;&#x1794;&#x17B6;&#x1793;&#x179A;&#x1784;&#x17CB;&#x1785;&#x17B6;&#x17C6;&#x17B3;&#x17D2;&#x1799;&#x179C;&#x17B6;&#x1794;&#x1780;&#x17CB;&#x1798;&#x1780;&#x17D4; </subfield>
  </datafield>
  <datafield tag="520" ind1=" " ind2=" ">
    <subfield code="a">Tonight the storm will come. But Clarice was not afraid at all. She waited for it to blow.</subfield>
  </datafield>
  <datafield tag="521" ind1="8" ind2=" ">
    <subfield code="a">510
</subfield>
    <subfield code="b">Lexile estimate
</subfield>
  </datafield>
  <datafield tag="521" ind1="8" ind2=" ">
    <subfield code="a">K
</subfield>
    <subfield code="b">Raz-Plus
</subfield>
  </datafield>
  <datafield tag="650" ind1=" " ind2=" ">
    <subfield code="a">&#x1781;&#x17D2;&#x1799;&#x179B;&#x17CB;&#x1796;&#x17D2;&#x1799;&#x17BB;&#x17C7; </subfield>
    <subfield code="v">&#x1794;&#x17C4;&#x1780;&#x1794;&#x1780;&#x17CB; </subfield>
    <subfield code="x">&#x179A;&#x1784;&#x1785;&#x17B6;&#x17C6; </subfield>
  </datafield>
  <datafield tag="650" ind1=" " ind2=" ">
    <subfield code="a">Hurricane </subfield>
    <subfield code="v">Blow </subfield>
    <subfield code="x">Wait </subfield>
  </datafield>
  <datafield tag="700" ind1=" " ind2=" ">
    <subfield code="a">Vanthary, Oum </subfield>
    <subfield code="e">Translator</subfield>
  </datafield>
  <datafield tag="700" ind1=" " ind2=" ">
    <subfield code="a">Ponti, Claude </subfield>
    <subfield code="e">illustrator</subfield>
  </datafield>
  <datafield tag="942" ind1=" " ind2=" ">
    <subfield code="2">ddc</subfield>
    <subfield code="c">KHB</subfield>
    <subfield code="n">0</subfield>
  </datafield>
  <datafield tag="999" ind1=" " ind2=" ">
    <subfield code="c">1651</subfield>
    <subfield code="d">1651</subfield>
  </datafield>
  <datafield tag="952" ind1=" " ind2=" ">
    <subfield code="0">0</subfield>
    <subfield code="1">0</subfield>
    <subfield code="2">ddc</subfield>
    <subfield code="4">0</subfield>
    <subfield code="7">0</subfield>
    <subfield code="8">KH</subfield>
    <subfield code="a">001</subfield>
    <subfield code="b">001</subfield>
    <subfield code="c">KHRS</subfield>
    <subfield code="d">2023-09-13</subfield>
    <subfield code="l">1</subfield>
    <subfield code="o">SEY 551.55</subfield>
    <subfield code="p">2023-0601</subfield>
    <subfield code="r">2026-02-02 09:33:53</subfield>
    <subfield code="s">2026-01-05</subfield>
    <subfield code="t">1</subfield>
    <subfield code="w">2023-09-13</subfield>
    <subfield code="y">KHB</subfield>
  </datafield>
  <datafield tag="952" ind1=" " ind2=" ">
    <subfield code="0">0</subfield>
    <subfield code="1">0</subfield>
    <subfield code="2">ddc</subfield>
    <subfield code="4">0</subfield>
    <subfield code="7">0</subfield>
    <subfield code="8">KH</subfield>
    <subfield code="a">001</subfield>
    <subfield code="b">001</subfield>
    <subfield code="c">KHRS</subfield>
    <subfield code="d">2023-09-13</subfield>
    <subfield code="l">0</subfield>
    <subfield code="o">SEY 551.55</subfield>
    <subfield code="p">2023-0602</subfield>
    <subfield code="r">2023-09-13 10:18:19</subfield>
    <subfield code="t">2</subfield>
    <subfield code="w">2023-09-13</subfield>
    <subfield code="y">KHB</subfield>
  </datafield>
</record>
